[Event "FRA-ch U18"]
[Site "Belfort"]
[Date "2017.04.20"]
[Round "6.3"]
[White "Callet, Antoine"]
[Black "Laurent Paoli, Pierre"]
[Result "0-1"]
[WhiteElo "2068"]
[BlackElo "2298"]
[PlyCount "84"]
[EventDate "2017.04.16"]
[EventType "swiss"]
[EventRounds "9"]
[EventCountry "FRA"]
[SourceTitle "EXT 2019"]
[Source "ChessBase"]
[SourceDate "2018.10.10"]
[SourceVersion "1"]
[SourceVersionDate "2018.10.10"]
[SourceQuality "1"]

1. e4 d6 2. d4 Nf6 3. Nc3 Nbd7 4. f4 e5 5. Nf3 exd4 6. Qxd4 c6 7. Be3 d5 8. 0-0-0 Bc5 9. Qd2 Qb6 10. Bxc5 Nxc5 11. exd5 0-0 12. Qd4 cxd5 13. g3 Bf5 14. Bg2 Rac8 15. Nh4 Bg4 16. Bf3 Bxf3 17. Nxf3 Rfd8 18. Rhe1 Qa5 19. Nd2 Qa6 20. f5 b5 21. Nf3 Qb6 22. Re5 Qc6 23. Rd2 a5 24. g4 h6 25. g5 hxg5 26. Nxg5 Re8 27. Rxe8+ Rxe8 28. Nf3 Nce4 29. Nxe4 dxe4 30. Ne5 Qc7 31. Nd7 Nxd7 32. Qxd7 Qe5 33. Re2 Qf4+ 34. Qd2 Qxf5 35. Qxa5 e3 36. a4 Qg4 37. Qe1 Qe4 38. axb5 f5 39. b6 f4 40. b7 Qxb7 41. Qc3 Qe4 42. Qb3+ Qe6 0-1

[Event "FRA-ch U18"]
[Site "Belfort"]
[Date "2017.04.16"]
[Round "3.3"]
[White "Eugene, Floryan"]
[Black "Callet, Antoine"]
[Result "1-0"]
[WhiteElo "2271"]
[BlackElo "2068"]
[PlyCount "67"]
[EventDate "2017.04.16"]
[EventType "swiss"]
[EventRounds "9"]
[EventCountry "FRA"]
[SourceTitle "EXT 2019"]
[Source "ChessBase"]
[SourceDate "2018.10.10"]
[SourceVersion "1"]
[SourceVersionDate "2018.10.10"]
[SourceQuality "1"]

1. e4 c5 2. Nf3 e6 3. g3 Nc6 4. Bg2 d5 5. exd5 exd5 6. d4 Nf6 7. 0-0 Be7 8. dxc5 Bxc5 9. Nbd2 0-0 10. Nb3 Be7 11. Bf4 Re8 12. c3 Ne4 13. Nfd4 Bf6 14. Re1 g5 15. Nxc6 bxc6 16. Be3 Bf5 17. Bd4 Bg6 18. Qf3 Re6 19. Rad1 Bxd4 20. Nxd4 Rf6 21. Qe3 Nxf2 22. Rd2 Ne4 23. Bxe4 Bxe4 24. Qxg5+ Rg6 25. Qxd8+ Rxd8 26. Nxc6 Rxc6 27. Rxe4 dxe4 28. Rxd8+ Kg7 29. Kf2 Rh6 30. h4 Rf6+ 31. Ke3 Rf3+ 32. Kxe4 Rxg3 33. Kf4 Rg2 34. Rb8 1-0